|
|
|
|
| LEADER |
00000nab a2200000 a 4500 |
| 001 |
vtls000136218 |
| 003 |
SK-MaSNL |
| 005 |
20260304074658.0 |
| 008 |
250423c1982 xo 0 slo |
| 015 |
|
|
|a SNBRB19rr/mm-uuuuu
|
| 035 |
|
|
|a CL0146324
|
| 035 |
|
|
|a urn:nbn:sk:snk-abbbnp
|
| 035 |
|
|
|a (urnnbn)urn:nbn:sk:snk:ar-006hq4
|
| 035 |
|
|
|a (uuid)902a125a-8c75-4395-92f9-fadd955868d7
|
| 040 |
|
|
|a SNKBUCL
|b slo
|c SNKBUCL
|e AACR2
|
| 041 |
0 |
|
|a slo
|
| 044 |
|
|
|a xo
|c SK
|
| 080 |
|
|
|a 82.09:82:03:882.6(048)
|2 1981
|
| 080 |
|
|
|a 82
|2 1981
|
| 080 |
|
|
|a 03
|2 1981
|
| 080 |
|
|
|a 882.6(048)
|2 1981
|
| 080 |
|
|
|a 882.6
|2 1981
|
| 080 |
|
|
|a 03(048)
|2 1981
|
| 100 |
1 |
|
|a Gašinec, Eduard,
|d 1923-
|4 aut
|9 49056
|
| 245 |
1 |
0 |
|a Aľaksej Hardzickij: Pismenniki savieckaj Bielarusi
|c Eduard Gašinec ; Aľaksej Hardzickij
|
| 500 |
|
|
|a V rubrike Zahraničné knihy.
|
| 650 |
0 |
7 |
|a bieloruská literatúra
|2 snkbucl
|9 1478
|
| 650 |
0 |
7 |
|a bieloruskí spisovatelia
|2 snkbucl
|9 84573
|
| 650 |
0 |
7 |
|a slovníky literárne
|2 snkbucl
|9 1003324
|
| 650 |
0 |
7 |
|a sovietska literatúra
|2 snkbucl
|9 22300
|
| 655 |
|
7 |
|a články z novín a časopisov
|2 snkbucl
|9 267496
|
| 655 |
|
7 |
|a články z odboru literárna veda a krásna literatúra
|2 snkbucl
|9 770045
|
| 700 |
1 |
|
|a Hardzickij, Aľaksej
|4 aut
|9 1364428
|
| 773 |
0 |
|
|t Revue svetovej literatúry
|g Roč. 18, č. 6 (1982), s. 188-190
|
| 787 |
0 |
8 |
|i Rec.:
|a Hardzickij, Aľaksej
|t Pismenniki savieckaj Bielarusi
|d Minsk : Mastackaja literatura, 1981
|
| 850 |
|
|
|a Slovenská národná knižnica
|
| 852 |
|
|
|a Slovenská národná knižnica
|
| 958 |
|
|
|a article15
|
| 958 |
|
|
|a RK
|
| 958 |
|
|
|a LX
|
| 958 |
|
|
|a SK
|
| 958 |
|
|
|a OND
|
| 958 |
|
|
|a EUIPO
|
| 999 |
|
|
|c 2777388
|d 2779318
|